Bratz - Girlz really rock (Record no. 320927)
[ view plain ]
| 000 -LEADER | |
|---|---|
| fixed length control field | 00422ngm a22001815 4500 |
| 005 - DATE AND TIME OF LATEST TRANSACTION | |
| control field | 20231122135101.0 |
| 007 - PHYSICAL DESCRIPTION FIXED FIELD--GENERAL INFORMATION | |
| fixed length control field | vd v |
| 008 - FIXED-LENGTH DATA ELEMENTS--GENERAL INFORMATION | |
| fixed length control field | p |
| 040 ## - CATALOGING SOURCE | |
| Description conventions | |
| 092 ## - LOCALLY ASSIGNED DEWEY CALL NUMBER (OCLC) | |
| Classification number | EDVD |
| Item number | Bra |
| 245 00 - TITLE STATEMENT | |
| Title | Bratz - Girlz really rock |
| 264 ## - Production, Publication, Distribution, Manufacture, and Copyright Notice. | |
| Place of production, publication, distribution, manufacture | California |
| Name of producer, publisher, distributor, manufacturer | Lionsgate |
| Date of production, publication, distribution, manufacture, or copyr | c2008 |
| 300 ## - PHYSICAL DESCRIPTION | |
| Extent | 82 min. |
| 508 ## - CREATION/PRODUCTION CREDITS NOTE | |
| Creation/production credits note | Rated : NR |
| 511 0# - PARTICIPANT OR PERFORMER NOTE | |
| Participant or performer note | Bra |
| 942 ## - ADDED ENTRY ELEMENTS (KOHA) | |
| Koha item type | DVD |
| Source of classification or shelving scheme | Dewey Decimal Classification |
| 948 ## - LOCAL PROCESSING INFORMATION (OCLC); SERIES PART DESIGNATOR (RLIN) | |
| Series part designator, SPT (RLIN) | 08/13/2019 |
| z (OCLC) | Sirsi |
| Withdrawn status | Lost status | Source of classification or shelving scheme | Damaged status | Not for loan | Collection code | Home library | Current library | Shelving location | Date acquired | Source of acquisition | Cost, normal purchase price | Total Checkouts | Total Renewals | Full call number | Barcode | Date last seen | Date checked out | Cost, replacement price | Price effective from | Koha item type |
|---|---|---|---|---|---|---|---|---|---|---|---|---|---|---|---|---|---|---|---|---|
| Dewey Decimal Classification | Children Movies | Wasatch County Library | Wasatch County Library | Audio Visual Area | 08/13/2019 | Donation | 25.00 | 14 | 12 | E DVD Bra | 34301001617135 | 09/22/2025 | 09/12/2025 | 25.00 | 03/20/2020 | DVD |
